000 00649nam a2200181Ia 4500
008 151202s9999||||xx |||||||||||||| ||und||
082 _bPNVM-69604
100 _aदवणे प्रवीण.
245 _aमिश्किल आणि मुश्किल.
260 _b"नवचैतन्य प्रकाशन,बोरोवली."
260 _c69604
300 _a96
600 _aदवणे प्रवीण.
630 _aमिश्किल आणि मुश्किल.
700 _aदवणे प्रवीण.
730 _aमिश्किल आणि मुश्किल.
942 _cBOOK
999 _c1336114
_d1336111